Jogadores Brasileiros Aleatórios por Imagem - Statistics

Estatísticas Gerais
  • Esse quiz foi jogado 769 vezes
  • A pontuação média é 11 de 12
Estatísticas das Respostas
Imagem Resposta % Correto
Ronaldo Nazário
100%
Neymar Jr.
99%
Pelé
99%
Ronaldinho
99%
Casemiro
98%
Daniel Alves
98%
Alisson Becker
97%
Thiago Silva
97%
Vinícius Jr.
97%
Gabigol
96%
Lucas Paquetá
96%
Romário
96%
Kaká
95%
Marcelo
95%
Cafu
94%
David Luiz
94%
Éder Militão
94%
Fred
94%
Gabriel Jesus
94%
Philippe Coutinho
94%
Hulk
93%
Marquinhos
93%
Richarlison
93%
Roberto Firmino
92%
Raphinha
90%
Antony
89%
Cláudio Taffarel
89%
Rodrygo
89%
Willian
89%
Ederson
88%
Oscar
88%
Roberto Carlos
88%
Rivaldo
87%
Adriano
86%
Júlio César
86%
Zico
86%
Sócrates
85%
Bruno Guimarães
82%
Filipe Luís
81%
Garrincha
81%
Danilo
78%
Gabriel Martinelli
78%
Robinho
78%
Fabinho
74%
Fernandinho
74%
Carlos Alberto
60%
Jairzinho
57%
Bremer
54%
Nenhum quiz correspondente encontrado
Distribuição das Pontuações
Porcentagem de Pessoas com Cada Pontuação
Percentil de Números Respondidos
Sua Pontuação Histórica
Você não jogou esse quiz